000
003090000a22001330004500
020
_a
0-590-47144-9
082
0
4
_a
G RA C127h
100
1
_a
Caldwell, Margaret
245
1
0
_a
Hairs designs : Fun and fancy / Margaret Caldwell
260
_a
Mew York : Scholastic
300
_a
48 p.
001
547
942
_c
LGB
999
_c
47758
_d
47758